Les secrets de la mer Rouge /
محفوظ في:
المؤلف الرئيسي:
التنسيق: كتاب
اللغة:
French
English
منشور في:
[Paris :
Bernard Grasset],
1931.
الموضوعات:
الوسوم: إضافة وسم
لا توجد وسوم, كن أول من يضع وسما على هذه التسجيلة!
رقم الطلب: DT39 .M6 1931
| LEADER | 00805namaa2200265 4500 | ||
|---|---|---|---|
| 001 | 18836 | ||
| 003 | OSt | ||
| 005 | 20260429054718.0 | ||
| 008 | 130303s1931 fr bf 000 0bfre d | ||
| 040 | |c ARCE Library | ||
| 041 | 1 | |a fre |h eng | |
| 043 | |a f-ua--- | ||
| 050 | 4 | |a DT39 .M6 1931 | |
| 100 | 1 | |a Monfreid, Henri de, |e author |9 36135 | |
| 240 | 1 | 0 | |a Secrets of the Red sea. |l French |
| 245 | 1 | 4 | |a Les secrets de la mer Rouge / |c Henry de Monfreid. |
| 264 | 1 | |a [Paris : |b Bernard Grasset], |c 1931. | |
| 300 | |a 2 p. l., 326 p., 1 l. : |b front., plates, map ; |c 19 cm. | ||
| 500 | |a Translation of : Secrets of the Red sea. | ||
| 500 | |a At head of title: Henry de Monfreid. | ||
| 555 | |a wafaa.lib. | ||
| 651 | 0 | |a Red Sea |x Description and travel. | |
| 901 | |a reviewed | ||
| 942 | |c BK |2 lcc | ||
| 999 | |c 20213 |d 20213 | ||
